000
00273nam a2200109Ia 4500
008
230907s9999||||xx |||||||||||||| ||und||
082
_a
512.5
_b
LAY
245
0
_a
Linear algebra and its applications /
260
_a
Pearson,
_b
Noida :
_c
2019
300
_a
492 p.
942
_c
BK
999
_c
600319
_d
600319